| 000 | 00586nam a2200145 a 4500 | ||
|---|---|---|---|
| 001 | 000033831 | ||
| 005 | 20200930070544.0 | ||
| 008 | 110913s1894 fr 000 0 fre d | ||
| 040 |
_aDO-SdBNP _bspa _cBNPHU |
||
| 082 |
_axxx _bF778h |
||
| 100 | 1 |
_aFournier, A. _959248 |
|
| 245 | 1 | 0 |
_aHistoire de la vie et des voyages de L'amiral Christophe Colomb d'aprés des documents de l' époque et notamment suivant l' histoire véridique de l'amiral écrite par son fils don Fernando Colon / _cA. Fournier. |
| 260 |
_aParis : _bLibraire de Firmin-Didot Et Cie, _c1894. |
||
| 300 |
_a735 p. ; _c20 cm. |
||
| 999 |
_c33322 _d33322 |
||